LEADER 01136nam--2200325---450 001 990002383610203316 005 20220615103536.0 035 $a000238361 035 $aUSA01000238361 035 $a(ALEPH)000238361USA01 035 $a000238361 100 $a20050131d1980----km-y0itay0103----ba 101 $aita 102 $aIT 105 $a||||||||001yy 200 1 $a"Disapplicazione" dei provvedimenti amministrativi e processi penale$fRiccardo Villata 210 $aMilano$cGiuffré$d1980 215 $aIV, 176 p.$d22 cm 225 2 $aPubblicazione dell'Istituto di diritto pubblico della facoltà di Giurisprudenza dell'Università di Milano$v18 410 0$12001$aPubblicazione dell'Istituto di diritto pubblico della facoltà di Giurisprudenza dell'Università di Milano$v18 454 1$12001 461 1$1001-------$12001 700 1$aVILLATA,$bRiccardo$0262905 801 0$aIT$bsalbc$gISBD 912 $a990002383610203316 951 $aX 11 XXIV 18$b60761 G.$cX 11 XXIV 959 $aBK 969 $aGIU 996 $a"Disapplicazione" dei provvedimenti amministrativi e processi penale$91064233 997 $aUNISA LEADER 01742cam0-22005531i-450 001 990004039050403321 005 20250402090653.0 010 $a88-7042-769-2 035 $a000403905 035 $aFED01000403905 035 $a(Aleph)000403905FED01 100 $a19990604d1987----km-y0itay50------ba 101 0 $aita 102 $aIT 105 $af-------001yy 200 1 $aSviluppo dell'imprenditoria agricola del Mezzogiorno dal dopoguerra in poi$fCarlo Cupo 210 $aNapoli$cGuida$d1987 215 $a104 p., tav.$d24 cm 225 1 $aIncontri e dibattiti$fa cura del Banco di Napoli$v13 312 $aSviluppo dell'imprenditoria agricola del Mezzogioro dal dopoguerra ad oggi 610 0 $aSviluppo agricolo 610 0 $aAziende agrarie$aItalia meridionale$a1951$a1981 610 0 $aIMPRENDITORIA AGRICOLA. MEZZOGIORNO-STORIA 676 $a338.109 457$v21$zita 676 $a333.38 676 $a338.184 57 700 1$aCupo,$bCarlo$07550 801 0$aIT$bUNINA$gRICA$2UNIMARC 901 $aBK 912 $a990004039050403321 952 $aFONDO ROSSI 2305$bROSSI 2383$fFARBC 952 $aFondo Cupo 41$b02/0041/25$fFAGBC 952 $a338.1 CUP 1$bBibl. s.i.$fFLFBC 952 $aSE 015.08.24-$b640$fDECSE 952 $aCOLLEZ. 1370 (13)$b4465$fFSPBC 952 $a043.003.CUP$b378$fDECGE 952 $aA/7.1 INC$b4606$fSES 952 $a60 PER. IT. E. 857(13)$b484$fFAGBC 952 $a13 L 52 22$b6385$fFINBC 959 $aFARBC 959 $aFLFBC 959 $aDECSE 959 $aFSPBC 959 $aDECGE 959 $aSES 959 $aFAGBC 959 $aFINBC 996 $aSviluppo dell'imprenditoria agricola del Mezzogiorno dal dopoguerra in poi$9471272 997 $aUNINA